[Event "Giugliano op 5th"]
[Site "Giugliano"]
[Date "2010.09.25"]
[Round "3"]
[White "Alfieri, Sabato"]
[Black "Tagliento, Francesco"]
[Result "1-0"]
[WhiteElo "1628"]
[BlackElo "1413"]
[PlyCount "93"]
[EventDate "2010.09.24"]
[EventType "swiss"]
[EventRounds "5"]
[EventCountry "ITA"]
[SourceTitle "EXT 2024"]
[Source "ChessBase"]
[SourceDate "2023.10.10"]
[SourceVersion "1"]
[SourceVersionDate "2023.10.10"]
[SourceQuality "1"]

1. d4 d5 2. c4 c6 3. Nc3 Nf6 4. Nf3 e6 5. Bg5 Be7 6. e3 Nbd7 7. Qc2 0-0 8. Bd3 Re8 9. 0-0 g6 10. Rac1 Nh5 11. Bxe7 Qxe7 12. cxd5 exd5 13. Na4 Nhf6 14. a3 Nf8 15. b4 Bf5 16. Ne5 Bc8 17. h3 Ne6 18. b5 cxb5 19. Bxb5 Rd8 20. Nc5 Nxc5 21. Qxc5 Qxc5 22. Rxc5 Be6 23. Rfc1 Rac8 24. Kf1 a6 25. Ba4 b5 26. Bb3 Rxc5 27. Rxc5 Ne4 28. Rc2 Kf8 29. Ke2 f6 30. Nd3 Rd6 31. Nc5 Nxc5 32. Rxc5 Ke7 33. Kd2 Kd7 34. Kc3 Rc6 35. Kb4 Kc7 36. e4 Rxc5 37. Kxc5 h5 38. exd5 Bf5 39. h4 g5 40. g3 Bd7 41. d6+ Kb7 42. Bd5+ Kc8 43. Kb6 Bf5 44. Bc6 Be6 45. d5 gxh4 46. gxh4 f5 47. Kxa6 1-0